| 000 | 00630nam a2200229 a 4500 | ||
|---|---|---|---|
| 001 | BRCA_4181 | ||
| 005 | 20190320204556.0 | ||
| 008 | 300410s1921----enka######---#000-0#eng-# | ||
| 041 | _aeng | ||
| 044 | _aenk | ||
| 050 | 4 |
_aNK4565 _b.B87 1921 |
|
| 100 | 1 |
_aBurton, William _97269 |
|
| 245 | 1 | 0 |
_aA General History of Porcelain _cby William Burton. |
| 260 |
_aLondres _bCassell and Company _c1921 |
||
| 300 |
_a2 v. _bil. (algunas a color) _c25 cm. |
||
| 500 | _aIncluye índice alfabético | ||
| 500 | _aA29 | ||
| 504 | _aBibliografía: p. 207-208 | ||
| 650 | 1 | 4 |
_aPorcelana _xHistoria _91464 |
| 902 | _aGFM | ||
| 942 |
_2lcc _cB |
||
| 999 |
_c3897 _d3897 |
||